00518 2200205 4500001002100000005001500021035002000036007000300056008004100059020001800100082001000118084001600128100001800144245004300162250000600205260003400211300002500245650002900270990001300299INLIS00000000000003420170907094442 a0010-0917000020ta170907 f 0 ind  a979-8590-12-0 a297.5 a297.5 MAH k0 aMahjudin. Drs1 aKuliah Akhlaq Tasawuf /cDrs. Mahjudin a3 aJakarta :bKalam Mulia,c2003 a186hlm ;c14 x 20 cm aAkhlak dan Tasawuf Islam a1071 720